000 00668nam a2200193 a 4500
005 20260112063243.0
020 _a9788175543607
039 _a202109301135
_bstaff
_c201302071413
_d staff
_c200911222203
_d staff
_y 200911222202
_z staff
082 _a650.14
_bCOR [ Shelf 77]
100 _aCorfield, Rebecca
245 _aPreparing the Perfect CV:
_bHow to Make a Great Impression Get the Job you Want /
_cby Rebecca Corfield
250 _a4th ed.
260 _aNew Delhi :
_bKogan Page ,
_c2008
300 _a136p :
_bill. ;
_c21cm
650 _aJob Hunting
991 _aVIRTUA40
991 _aVTLSSORT0080*0200*0820*1000*2450*2500*2600*3000*6500*9992
909 _a1905
999 _c1869
_d1869